| 000 | 00603 a2200217 4500 | ||
|---|---|---|---|
| 003 | Nust | ||
| 005 | 20170207154043.0 | ||
| 020 | _a0-415-24072-7 (inb.) | ||
| 020 | _a0-415-24073-5 (hft.) | ||
| 040 | _cNust | ||
| 082 |
_a909 _b.09767101 |
||
| 082 |
_a909 _b.09767101 |
||
| 100 | 1 | _aHawting, Gerald R. | |
| 245 | 0 | 4 |
_aThe first dynasty of Islam (E-BOOK) _bthe Umayyad caliphate AD 661-750 / _cG.R. Hawting |
| 250 | _a2. ed. | ||
| 260 |
_aLondon ; _aNew York : _bRoutledge, _c2000 |
||
| 300 |
_axxii, 151 s. ; _c23 cm |
||
| 650 | 4 | _aHistoria | |
| 650 | 4 | _aIslam | |
| 651 | 0 |
_aIslamic Empire _xHistory _y661-750 |
|
| 942 |
_2ddc _cBK |
||
| 999 |
_c192729 _d192729 |
||